Policy and practice in European human resource management : the price Waterhouse Cranfield survey /

Human resource management in Europe: issues and opportunities. The integration of human resource management and corporate strategy. The education and training of human resource managers in Europe. Human resource and line management...

Gespeichert in:
Bibliographische Detailangaben
Weitere Verfasser: Brewster, Chris (HerausgeberIn), Hegewisch, Ariane (HerausgeberIn)
Format: Buch
Sprache:English
Veröffentlicht: London ; New York : Routledge, 1994.
Schlagworte:
Tags: Tag hinzufügen
Keine Tags, Fügen Sie den ersten Tag hinzu!
Thư viện lưu trữ: Mạng thư viện Đại học Đà Nẵng
LEADER 01215cam a2200337 i 4500
001 000047550
003 7236
005 20030312154505.0
008 010320|1994 vm 000 eng
020 |a 0415065305 
040 |a IRC  |c IRC  |d IRC 
041 0 |a eng 
082 1 4 |a 658.30094  |b Po-P 
245 0 0 |a Policy and practice in European human resource management :  |b the price Waterhouse Cranfield survey /  |c Edited by Chris Brewster and Ariane Hegewisch. 
260 |a London ; New York :  |b Routledge,  |c 1994. 
300 |a xiii, 398 p. :  |b ill. ;  |c 24.5cm. 
520 3 |a Human resource management in Europe: issues and opportunities. The integration of human resource management and corporate strategy. The education and training of human resource managers in Europe. Human resource and line management... 
630 0 4 |a Personnel management. 
650 0 4 |a Personnel management  |z Europe. 
700 1 |a Brewster, Chris,  |e editor. 
700 1 |a Hegewisch, Ariane,  |e editor. 
OWN |a DUT 
999 |a From the UDN01 
TYP |a Monograph 
TYP |a Printed language 
980 |a Mạng thư viện Đại học Đà Nẵng